24/25 National League Teams - Statistics

General Stats
  • This quiz has been taken 36 times
  • The average score is 10 of 14
Answers on the Grid
Answers color-coded by a green-red scale on the quiz's grid according to % correct below.
EV Zug
EHC Olten
EHC Arosa
HC Franches-Montagnes
SCL Tigers
SC Rapperswil-jona Lakers
EHC Winterthur
HC Ambri-Piotta
HC Vallée de Joux
Fribourg-Gottéron
Genève-Servette HC
EHC Basel
HC Vikings de Penthalaz
EHC Biel-Bienne
HC Lugano
HC Ajoie
HC La Chaux-de-Fonds
GDT Bellinzona Snakes
SC Bern
HC Thurgau
Lausanne HC
EHC Visp
EHC Kloten
ZSC Lions
HC Sierre
EHC Chur
GCK Lions
HCV Martigny
HC Davos
EHC Thun
 
Answer Stats
Answer % Correct
EV Zug
86%
HC Davos
86%
SC Rapperswil-jona Lakers
86%
ZSC Lions
86%
Fribourg-Gottéron
79%
HC Ambri-Piotta
71%
Lausanne HC
71%
SC Bern
71%
SCL Tigers
71%
Genève-Servette HC
64%
HC Ajoie
64%
HC Lugano
64%
EHC Biel-Bienne
57%
EHC Kloten
57%
No matching quizzes found
Score Distribution
Percent of People with Each Score
Percentile by Number Answered
Your Score History
You have not taken this quiz